Avià : notes històriques d'un poble del Berguedà / Jaume Bernades Postils... [et al.] notes històriques d'un poble del Berguedà / Jaume Bernades Postils... [et al.]
Descripción Física:
310 p. : fot. ; 24 cm
Colección:
El Roc tou ; 6
Materias:
Avià -- Història local
MARC
| LEADER | 00000nam a2200000Ia 4500 | ||
|---|---|---|---|
| 001 | 21312 | ||
| 008 | 160829s2007 xx 000 0 cat d | ||
| 080 | |a M-6-175 | ||
| 245 | |a Avià : |b notes històriques d'un poble del Berguedà / Jaume Bernades Postils... [et al.] | ||
| 260 | |a Avià : |b Centre d'Estudis d'Avià, |c 2007 | ||
| 300 | |a 310 p. : |b fot. ; |c 24 cm | ||
| 490 | |a El Roc tou ; 6 | ||
| 590 | |a Bibliografia. | ||
| 590 | |a Edició patrocinada per la Diputació de Barcelona i l'Ajuntament d'Avià. | ||
| 590 | |a S'ha utilitzat el fons de l'Arxiu General de la Diputació de Barcelona | ||
| 650 | |a Avià |x Història local |9 41020 | ||
| 700 | |a Bernades Postils, Jaume |9 41023 | ||
| 700 | |a Centre d'Estudis d'Avià |9 41028 | ||
| 710 | 1 | |a Avià (Catalunya). |b Ajuntament |9 53089 | |
| 710 | 1 | |a Barcelona (Catalunya : Província). |b Diputació |9 52408 | |
| 901 | |a Arxiu | ||
| 942 | |n 1 | ||
| 952 | |0 0 |1 0 |4 0 |6 M6175 |7 1 |9 49999 |a Arxiu |b Arxiu |d 2016-12-01 |l 0 |o M-6-175 |p 21312 |r 2016-12-01 00:00:00 |w 2016-12-01 |y ARXIU | ||
| 999 | |c 53841 |d 53841 | ||